Science Quiz

Random Science or Animal Quiz

To Be or Not to Be...a Rodent Quiz Stats

 Plays Quiz Updated Jul 10, 2017

Support Sporcle.
Go Orange.
Score 0/25 Timer 06:00
0 Plays Today
% Correct
Correct, a mouse is a rodent
98.5%
Correct, a hamster is a rodent
91.8%
Correct, a rat is a rodent
91.7%
Correct, a lemming is a rodent
88.3%
Correct, a chipmunk is a rodent
88.2%
Correct, a guinea pig is a rodent
86.5%
Correct, a hare is a lagomorph
82.3%
Correct, a capybara is a rodent
81.6%
Correct, a degu is a rodent
81.1%
Correct, a prairie dog is a rodent
80.8%
Correct, a bat is in the Chiroptera order
80.8%
Correct, a raccoon is a carnivoran
80.7%
Correct, a gopher is a rodent
78.3%
% Correct
Correct, a sea otter is a carnivoran
77.6%
Correct, a squirrel is a rodent
77%
Correct, a weasel is a carnivoran
76.1%
Correct, an opposum is a marsupial in the Didelphimorphia order
71.8%
Correct, a beaver is a rodent
71.5%
Correct, a rabbit is a lagomorph
68.8%
Correct, a hedgehog is in the Eulipotyphla order
59.9%
Correct, a mole is in the Eulipotyphla order
46.3%
Correct, a porcupine is a rodent
39.5%
Correct, a rock hyrax is in the Hyracoidea order
24.3%
Correct, an elephant shrew is in the Macroscelidea order
12%
Correct, a pika is a lagomorph
10.9%

You're not logged in!

Compare scores with friends on all Sporcle quizzes.
OR
Log In
Forgot?

From the Vault

Remove Ads.
Support Sporcle.
Get the best of Sporcle when you Go Orange. This ad-free experience offers more features, more stats, and more fun while also helping to support Sporcle. Thank you for becoming a member.

Show Comments

Extras

Top Quizzes Today


Score Distribution

Your Account Isn't Verified!

In order to create a playlist on Sporcle, you need to verify the email address you used during registration. Go to your Sporcle Settings to finish the process.

Report this User

Report this user for behavior that violates our Community Guidelines.

Details: